000 01424cam a22003371i 4500
003 SA-RiAUC
005 20250918075206.0
008 250817s2019 su f 00000 ara c
040 _aSA-JeALM
_bara
_cSA-RiAUC
_erda
082 0 4 _a252
_qSA-RiAUC
090 _a252
_bق ر ش
100 1 _aالقرشي، عبد الرب محمد أعظم
_eمؤلف.
245 1 2 _aالأبحاث الفقهية القيمة من مسائل الصوم والوتر والتراويح والاعتكاف وما إلى ذلك /
_cعبد الرب القرشي الملكباري المدني.
246 3 0 _aالاعتكاف
246 3 0 _aالتراويح
246 3 0 _aالوتر
246 3 0 _aالصوم
264 1 _a[مكان النشر غير محدد] :
_bمطابع الرحاب،
_c2019
300 _a100 صفحة ؛
_c24 سم
336 _aنص
_btxt
_2rdacontent
_3كتاب
337 _aبدون وسيط
_bn
_2rdamedia
338 _aمجلد
_bnc
_2rdacarrier
650 7 _aالعبادات (فقه إسلامي)
_xبحوث
_2aucsh
650 7 _aالصوم (فقه إسلامي)
_xبحوث
_2aucsh
650 7 _aصلاة الوتر (فقه إسلامي)
_xبحوث
_2aucsh
650 7 _aصلاة التراويح (فقه إسلامي)
_xبحوث
_2aucsh
650 7 _aالاعتكاف (فقه إسلامي)
_xبحوث
_2aucsh
653 _aالتاريخ
942 _2ddc
_cBOOK
_n0
949 _aSA-JeALM
_d250817
_uosman123
_n1
999 _c11918
_d11918